000 00967nam a22003131a 4500
001 6865934
005 20110718133016.0
008 930504s1993 couab 000 0 eng d
035 _9G479853
035 _a(OCoLC)ocm28038525
035 _9D401134
035 _a(WHEdb)315911
040 _aVRD
_cVRD
_dJEV
_dWHEdb
049 _a[REF]JEVB
090 _aBV2120
_b.C48 1993
245 0 3 _a"A Church for every people" : the list o.
260 _aColorado Springs, CO :
_bAdopt-A-People Clearingh,
_c[1993]
300 _aca. 88 p. : ill.
500 _aIncludes bibiliography and index.
650 0 _aEthnic groups
_xMissions.
650 0 _aEthnology.
650 0 _aMissions - Anthropological aspects.
650 0 _aEvangelistic work.
650 0 _aEthnic groups
_xReligion.
700 1 _aJansen, Frank Kaleb.
710 2 _aAdopt-A-People Clearinghouse.
910 _a401134
950 1 0 _cGR
_k940421
_mWCL
_s178321
999 _c39508
_d39508